[Event "FIDE World Cup (Women)"]
[Site "Baku"]
[Date "2023.08.03"]
[Round "2.2"]
[White "Shuvalova, Polina"]
[Black "Beydullayeva, Govhar"]
[Result "1-0"]
[WhiteElo "2496"]
[BlackElo "2355"]
[PlyCount "107"]
[EventDate "2023.07.30"]
[EventType "k.o."]
[EventRounds "7"]
[EventCountry "AZE"]
[SourceTitle "EXT 2024"]
[Source "ChessBase"]
[SourceDate "2023.10.10"]
[SourceVersion "1"]
[SourceVersionDate "2023.10.10"]
[SourceQuality "1"]

1. e4 c5 2. Nf3 d6 3. Bb5+ Bd7 4. Bxd7+ Nxd7 5. c3 Ngf6 6. Qe2 Qc7 7. 0-0 e6 8. d4 Be7 9. e5 dxe5 10. dxe5 Nd5 11. c4 Nb4 12. Nc3 a6 13. Bf4 Nc6 14. Rfd1 0-0-0 15. Bg3 Qb6 16. Ne4 h6 17. h3 Ndb8 18. Nd6+ Bxd6 19. exd6 Nd7 20. Rd3 Rhe8 21. Rb3 Qa7 22. Rd1 e5 23. Re3 f6 24. Nh4 Nd4 25. Qg4 g5 26. Nf5 h5 27. Qe4 h4 28. Bh2 Kb8 29. f4 gxf4 30. Bxf4 Rg8 31. Bh2 Qb6 32. Nxh4 Qxd6 33. Kh1 Qe6 34. b3 Ka7 35. Rf1 Nb8 36. Rg3 Nbc6 37. Rxg8 Rxg8 38. g4 Rh8 39. Bg3 Nb4 40. Rf2 Qe7 41. Kg2 Qg7 42. Nf5 Qd7 43. Ne3 Ne6 44. Rxf6 Nf4+ 45. Bxf4 Qd2+ 46. Kg3 Nd3 47. Bg5 Nc1 48. Qg2 Ne2+ 49. Kh2 e4 50. Nd5 Qb2 51. Rf2 Qe5+ 52. Bf4 Nxf4 53. Rxf4 e3 54. Qe2 1-0